| 000 | 00427nam a22001697a 4500 | ||
|---|---|---|---|
| 005 | 20180517142922.0 | ||
| 008 | 160429b xxu||||| |||| 00| 0 eng d | ||
| 020 | _a81-203-2255-X | ||
| 041 | _aeng | ||
| 082 |
_b00972 _a351 |
||
| 100 |
_aHenrry Nicholas _94283 |
||
| 245 | _aPublic Administration & Public Affairs | ||
| 260 |
_aNew Delhi _bPearson Education, _c2001 |
||
| 300 | _a453 | ||
| 650 |
_aManagement _9241 |
||
| 942 | _cBK | ||
| 999 |
_c334 _d334 |
||